[Event "African Championship 2013 Women"]
[Site "Hotel Sol Phebus - Tunis"]
[Date "2013.05.18"]
[Round "1.1"]
[White "Lopang, Tshepiso"]
[Black "Mezioud, Amina"]
[Result "0-1"]
[WhiteElo "1784"]
[BlackElo "2029"]
[PlyCount "74"]
[EventDate "2013.05.18"]
[EventRounds "9"]
[EventCountry "TUN"]

1. d4 Nf6 2. c4 g6 3. g3 Bg7 4. Bg2 O-O 5. Nc3 d6 6. Nf3 Nbd7 7. O-O e5 8. dxe5
dxe5 9. Qc2 c6 10. Rd1 Qc7 11. e4 a5 12. a4 Re8 13. Bd2 Nc5 14. Be3 Bf8 15. h3
Nh5 16. Nd2 Be6 17. Ne2 f5 18. exf5 gxf5 19. Bf3 Ng7 20. Bg2 Bd6 21. Nf3 f4 22.
gxf4 Bf5 23. Qc3 exf4 24. Bxc5 Bxc5 25. Ned4 Bg6 26. Nh4 Bh5 27. Nhf3 Qb6 28.
Rf1 Rad8 29. Nb3 Bb4 30. Qc1 Bxf3 31. Bxf3 Rd3 32. c5 Qd8 33. Qc4+ Kh8 34. Rad1
Qg5+ 35. Bg4 Rxh3 36. f3 h5 37. Kg2 Rh4 0-1

[Event "African Championship 2013 Women"]
[Site "Hotel Sol Phebus - Tunis"]
[Date "2013.05.18"]
[Round "1.2"]
[White "Wafa, Shrook"]
[Black "Abdelmenaem, Sohayla"]
[Result "1-0"]
[WhiteElo "1965"]
[BlackElo "1766"]
[PlyCount "91"]
[EventDate "2013.05.18"]
[EventRounds "9"]
[EventCountry "TUN"]

1. e4 d5 2. exd5 Nf6 3. d4 Bg4 4. Be2 Bxe2 5. Qxe2 Qxd5 6. Nf3 Nc6 7. c4 Qf5 8.
d5 Nb4 9. Nd4 Nd3+ 10. Kd2 Nxc1 11. Qxe7+ Bxe7 12. Nxf5 Ne4+ 13. Kc2 Nd3 14.
Nc3 Nec5 15. a3 a5 16. Rhd1 Bf6 17. Rxd3 Nxd3 18. Kxd3 Kd7 19. Rb1 Bxc3 20.
Kxc3 g6 21. Ne3 Rhe8 22. Ng4 Kd6 23. Nf6 Re2 24. Kd3 Re5 25. Kd4 b6 26. Ne4+
Rxe4+ 27. Kxe4 Re8+ 28. Kd3 c6 29. dxc6 Kxc6 30. Rd1 Kc5 31. Kc3 Re2 32. b4+
axb4+ 33. axb4+ Kc6 34. Rd2 Re1 35. Kd4 b5 36. c5 Rb1 37. Kc3 Rg1 38. g3 Rh1
39. h4 Re1 40. Rd6+ Kc7 41. Rf6 Re7 42. Kd4 Rd7+ 43. Ke5 Re7+ 44. Kd5 Rd7+ 45.
Rd6 Re7 46. c6 1-0

[Event "African Championship 2013 Women"]
[Site "Hotel Sol Phebus - Tunis"]
[Date "2013.05.18"]
[Round "1.3"]
[White "Nouali, Djouher"]
[Black "Solomons, Anzel"]
[Result "1-0"]
[WhiteElo "1727"]
[BlackElo "1931"]
[PlyCount "51"]
[EventDate "2013.05.18"]
[EventRounds "9"]
[EventCountry "TUN"]

1. c4 e5 2. Nc3 Nf6 3. Nf3 Nc6 4. g3 d5 5. cxd5 Nxd5 6. Bg2 Nb6 7. a3 Be7 8. b4
a6 9. d3 Be6 10. Bb2 f6 11. O-O O-O 12. Rc1 Qc8 13. Re1 f5 14. Na4 Nxa4 15.
Qxa4 Bf6 16. Rxc6 bxc6 17. Nxe5 Bd5 18. e4 fxe4 19. dxe4 Bxe5 20. Bxe5 Be6 21.
Qxc6 Qd7 22. Qxd7 Bxd7 23. Bxc7 Rac8 24. Bd6 Rf7 25. Bc5 Rd8 26. Bf1 1-0

[Event "African Championship 2013 Women"]
[Site "Hotel Sol Phebus - Tunis"]
[Date "2013.05.18"]
[Round "1.4"]
[White "Moaataz, Ayah"]
[Black "Baktach, Nesrine"]
[Result "1-0"]
[WhiteElo "1923"]
[BlackElo "1684"]
[PlyCount "61"]
[EventDate "2013.05.18"]
[EventRounds "9"]
[EventCountry "TUN"]

1. c4 e6 2. Nc3 Bb4 3. g3 Nf6 4. Bg2 O-O 5. Nf3 d5 6. cxd5 exd5 7. a3 Be7 8. d4
c6 9. O-O Bf5 10. Ne5 Nfd7 11. Nd3 Nf6 12. Bf4 Nbd7 13. Na4 Ne4 14. Qb3 Nb6 15.
Nac5 Nxc5 16. Nxc5 Qc8 17. a4 Bxc5 18. dxc5 Nd7 19. Bd6 Re8 20. Qd1 Re6 21. Re1
b6 22. b4 bxc5 23. bxc5 Qa6 24. Qd4 Nf6 25. f3 Rae8 26. g4 Bc2 27. Bh3 h6 28.
g5 Rxd6 29. cxd6 hxg5 30. d7 Rd8 31. Qe5 1-0

[Event "African Championship 2013 Women"]
[Site "Hotel Sol Phebus - Tunis"]
[Date "2013.05.18"]
[Round "1.5"]
[White "Meddeb, Chadha"]
[Black "Abdi, Zineb Dina"]
[Result "1-0"]
[WhiteElo "1677"]
[BlackElo "1905"]
[PlyCount "78"]
[EventDate "2013.05.18"]
[EventRounds "9"]
[EventCountry "TUN"]

1. e4 e5 2. Nf3 Nc6 3. d4 exd4 4. Nxd4 Bc5 5. Be3 Qf6 6. c3 Nge7 7. Be2 d5 8.
exd5 Nxd5 9. O-O Nxe3 10. fxe3 Qe5 11. Qd3 O-O 12. Nd2 Re8 13. Nc4 Qe7 14. b4
Bxd4 15. cxd4 Nxb4 16. Qd2 Nd5 17. Rf3 Be6 18. Re1 Qb4 19. Qxb4 Nxb4 20. a4 Nd5
21. e4 Nb6 22. Nb2 a5 23. Rg3 Bd7 24. Bd1 Rad8 25. Kf2 Re7 26. Bc2 Rde8 27. Rg5
Ra8 28. d5 f6 29. Rg3 Kh8 30. Rc3 c6 31. Rb3 Nc8 32. Rxb7 Nd6 33. Rc7 Rc8 34.
Rxc8+ Nxc8 35. Nc4 cxd5 36. exd5 Rxe1 37. Kxe1 Kg8 38. Kd2 h6 39. Kc3 g5 $138
1-0

[Event "African Championship 2013 Women"]
[Site "Hotel Sol Phebus - Tunis"]
[Date "2013.05.18"]
[Round "1.6"]
[White "Mudongo, Boikhutso"]
[Black "Marzouk, Amira"]
[Result "1-0"]
[WhiteElo "1875"]
[BlackElo "1651"]
[PlyCount "55"]
[EventDate "2013.05.18"]
[EventRounds "9"]
[EventCountry "TUN"]

1. e4 e5 2. Nf3 Nf6 3. Nxe5 d6 4. Nf3 Nxe4 5. Bc4 Be7 6. O-O O-O 7. d3 Nf6 8.
Bg5 Nc6 9. a3 Bg4 10. Nbd2 Ne5 11. Ba2 Nxf3+ 12. Nxf3 Re8 13. h3 Bh5 14. Re1
Nd7 15. Bf4 Bf6 16. g4 Bg6 17. Rb1 Rxe1+ 18. Qxe1 Qe8 19. Qd2 Ne5 20. Nxe5 Bxe5
21. Re1 Qb5 22. Bxe5 dxe5 23. Qc3 Re8 24. Bc4 Qd7 25. Rxe5 Kf8 26. Rxe8+ Qxe8
27. Qb4+ Qe7 28. Qxb7 1-0

[Event "African Championship 2013 Women"]
[Site "Hotel Sol Phebus - Tunis"]
[Date "2013.05.18"]
[Round "1.7"]
[White "Matoussi, Amani"]
[Black "Elansary, Eman"]
[Result "0-1"]
[WhiteElo "1625"]
[BlackElo "1859"]
[PlyCount "76"]
[EventDate "2013.05.18"]
[EventRounds "9"]
[EventCountry "TUN"]

1. e4 Nf6 2. e5 Nd5 3. d4 d6 4. exd6 cxd6 5. Bc4 Nb6 6. Bb3 g6 7. Bf4 Bg7 8. c3
O-O 9. Nf3 Nc6 10. O-O e5 11. Bg5 Qc7 12. dxe5 dxe5 13. Nbd2 h6 14. Be3 Kh7 15.
Rc1 f5 16. Re1 Nd7 17. Nc4 f4 18. Bd2 Nc5 19. Bc2 Bf5 20. Nh4 Bd3 21. b4 Bxc4
22. Nxg6 Nd3 23. Nxf8+ Rxf8 24. Qf3 Qd7 25. Qe4+ Kh8 26. Qxc4 Nxe1 27. Bxe1 Bf6
28. Qe4 Qg7 29. Qg6 Qxg6 30. Bxg6 Rd8 31. Be4 Rd7 32. Kf1 Kg7 33. Ke2 Rc7 34.
Rd1 Be7 35. f3 Nd8 36. Rd5 Nf7 37. a3 b6 38. Bf5 Nd6 0-1

[Event "African Championship 2013 Women"]
[Site "Hotel Sol Phebus - Tunis"]
[Date "2013.05.18"]
[Round "1.8"]
[White "Tlale, Tshepang"]
[Black "Lahmar, Chaima"]
[Result "1-0"]
[WhiteElo "1790"]
[BlackElo "1509"]
[PlyCount "81"]
[EventDate "2013.05.18"]
[EventRounds "9"]
[EventCountry "TUN"]

1. e4 d5 2. exd5 Nf6 3. Nf3 Nxd5 4. d4 Bg4 5. Be2 Nc6 6. O-O g6 7. h3 Bxf3 8.
Bxf3 e6 9. Re1 Bg7 10. c3 O-O 11. Nd2 e5 12. c4 Nde7 13. d5 Nd4 14. Nb3 Nxf3+
15. Qxf3 c6 16. Rd1 cxd5 17. cxd5 Qd6 18. Na5 Qd7 19. Bg5 f6 20. Be3 Nf5 21.
Bc5 Rfc8 22. Nb3 b6 23. Bb4 a5 24. Bc3 Rd8 25. a3 Qd6 26. Rd3 Rd7 27. Nd2 Rc8
28. Ne4 Qc7 29. Rad1 Nd6 30. Nxf6+ Bxf6 31. Qxf6 Nf7 32. d6 Qc5 33. Rd5 Qc6 34.
Bxe5 Nxe5 35. Qxe5 Rcd8 36. R5d3 Qb7 37. Qe6+ Kg7 38. Re3 Kf8 39. Qf6+ Kg8 40.
Rde1 Rf7 41. Re8+ 1-0

[Event "African Championship 2013 Women"]
[Site "Hotel Sol Phebus - Tunis"]
[Date "2013.05.19"]
[Round "2.1"]
[White "Mezioud, Amina"]
[Black "Tlale, Tshepang"]
[Result "1-0"]
[WhiteElo "2029"]
[BlackElo "1790"]
[PlyCount "113"]
[EventDate "2013.05.18"]
[EventRounds "9"]
[EventCountry "TUN"]

1. e4 e5 2. Nf3 Nc6 3. Bb5 Bc5 4. O-O Qf6 5. c3 h6 6. d4 Bd6 7. dxe5 Nxe5 8.
Nd4 c6 9. Ba4 Bc5 10. f4 Ng6 11. Kh1 N8e7 12. Be3 d6 13. Nd2 Qh4 14. N2f3 Qg4
15. Qd2 Qd7 16. Rad1 d5 17. f5 Nf8 18. Ne5 Qc7 19. Bf4 Bd6 20. Ng4 Bxf4 21.
Rxf4 h5 22. Nf2 Bd7 23. exd5 O-O-O 24. d6 Qxd6 25. Nxc6 Qxd2 26. Nxe7+ Kc7 27.
Rxd2 Bxa4 28. Rxd8 Kxd8 29. Rxa4 Kxe7 30. Rxa7 Nd7 31. Rxb7 Ra8 32. a3 Ra5 33.
f6+ gxf6 34. g3 Ke6 35. Nd3 Ne5 36. Nf4+ Kf5 37. Rb4 Kg5 38. Rd4 Ra6 39. Rd2
Rb6 40. b4 Nc4 41. Ra2 Ne3 42. a4 Rd6 43. Kg1 Kg4 44. a5 h4 45. Ne2 h3 46. Nd4
Nd1 47. a6 Rd8 48. Ra1 Nxc3 49. a7 Ra8 50. b5 Nd5 51. Nc6 Nb6 52. Ra6 Nd5 53.
b6 Re8 54. b7 Nc3 55. Ra1 Re2 56. b8=Q Rg2+ 57. Kh1 1-0

[Event "African Championship 2013 Women"]
[Site "Hotel Sol Phebus - Tunis"]
[Date "2013.05.19"]
[Round "2.2"]
[White "Elansary, Eman"]
[Black "Wafa, Shrook"]
[Result "1/2-1/2"]
[WhiteElo "1859"]
[BlackElo "1965"]
[PlyCount "130"]
[EventDate "2013.05.18"]
[EventRounds "9"]
[EventCountry "TUN"]

1. d4 Nf6 2. c4 g6 3. Nc3 Bg7 4. e4 d6 5. f3 Nbd7 6. Nh3 c5 7. d5 a6 8. a4 Rb8
9. Nf2 Nb6 10. Be2 Na8 11. Be3 Nc7 12. O-O O-O 13. Qd2 Bd7 14. e5 Nfe8 15. exd6
exd6 16. a5 b5 17. axb6 Rxb6 18. Nfe4 Qb8 19. Ra2 Rb3 20. Nxc5 dxc5 21. Bxc5
Qb7 22. Bd1 Bxc3 23. bxc3 Rb1 24. Qh6 Ng7 25. Bxf8 Nf5 26. Qd2 Kxf8 27. Qf2 Kg8
28. g4 Ng7 29. Bc2 Rxf1+ 30. Kxf1 h5 31. h3 Nce8 32. Bd3 Qb3 33. Rxa6 Qxc3 34.
Be2 Qe5 35. f4 Qe4 36. Qf3 Qd4 37. Kg2 Nf6 38. Qf2 Qc3 39. Qg3 Qb2 40. Qf2 Ne4
41. Qf3 Qd4 42. Ra3 Nd2 43. Qe3 Qb2 44. Qc3 Nxc4 45. Ra8+ Kh7 46. Qxc4 hxg4 47.
hxg4 Bxg4 48. Ra2 Bxe2 49. Qxe2 Qb3 50. Rd2 Nf5 51. Qd3 Qb7 52. Kf3 Nd6 53. Qc3
Kg8 54. Qb2 Qa8 55. Qa2 Qc8 56. Qc2 Qh3+ 57. Ke2 Qg2+ 58. Ke3 Nf5+ 59. Kd3
Qxd5+ 60. Kc3 Qc5+ 61. Kb2 Qb4+ 62. Ka2 Qa5+ 63. Kb1 Qb4+ 64. Qb2 Qe4+ 65. Ka2
Qa4+ 1/2-1/2

[Event "African Championship 2013 Women"]
[Site "Hotel Sol Phebus - Tunis"]
[Date "2013.05.19"]
[Round "2.3"]
[White "Nouali, Djouher"]
[Black "Moaataz, Ayah"]
[Result "0-1"]
[WhiteElo "1727"]
[BlackElo "1923"]
[PlyCount "96"]
[EventDate "2013.05.18"]
[EventRounds "9"]
[EventCountry "TUN"]

1. c4 e6 2. Nc3 Nf6 3. g3 d5 4. Bg2 Be7 5. cxd5 exd5 6. d4 O-O 7. Nf3 c6 8. O-O
Bf5 9. Re1 Ne4 10. Bf4 Nd7 11. Qb3 Qb6 12. Qxb6 axb6 13. Nxe4 Bxe4 14. Bh3 Nf6
15. Ne5 Ra4 16. f3 Bg6 17. Nxg6 hxg6 18. Red1 Rfa8 19. a3 b5 20. Rac1 b4 21.
axb4 Rxb4 22. Rb1 Ra2 23. Rd2 Rb3 24. Kf2 Ra4 25. Be3 Rab4 26. g4 Ne8 27. g5
Nd6 28. Bf4 Nc4 29. Rd3 Rxd3 30. exd3 Nxb2 31. Bf1 Na4 32. Rxb4 Bxb4 33. Bh3
Bc3 34. Ke3 c5 35. dxc5 d4+ 36. Ke2 Nxc5 37. Bc8 b5 38. Bd6 Nb3 39. Kd1 Nd2 40.
Bb7 b4 41. Bc5 b3 42. Ba3 Nb1 43. Bc5 Bb2 44. Ba6 Nc3+ 45. Kd2 Ba1 46. Bc4 b2
47. Ba2 Nxa2 48. Kc2 Nc3 0-1

[Event "African Championship 2013 Women"]
[Site "Hotel Sol Phebus - Tunis"]
[Date "2013.05.19"]
[Round "2.4"]
[White "Meddeb, Chadha"]
[Black "Mudongo, Boikhutso"]
[Result "0-1"]
[WhiteElo "1677"]
[BlackElo "1875"]
[PlyCount "112"]
[EventDate "2013.05.18"]
[EventRounds "9"]
[EventCountry "TUN"]

1. e4 c5 2. Nf3 d6 3. d4 cxd4 4. Nxd4 Nf6 5. Nc3 a6 6. Bg5 e6 7. f4 Be7 8. Qd2
Qc7 9. O-O-O b5 10. Bxf6 gxf6 11. Bxb5+ axb5 12. Ndxb5 Qb6 13. Nxd6+ Bxd6 14.
Qxd6 Qxd6 15. Rxd6 Ke7 16. Rhd1 Nd7 17. a3 Rd8 18. Rc6 Nf8 19. Rc7+ Rd7 20.
Rdxd7+ Nxd7 21. Ne2 Kd6 22. Rc4 Bb7 23. Nc3 Bc6 24. Ne2 Ra4 25. Rxa4 Bxa4 26.
b4 Nb6 27. Nc3 Bc6 28. Kd2 Nc4+ 29. Kd3 Nxa3 30. g3 Bb5+ 31. Nxb5+ Nxb5 32. c4
Nc7 33. c5+ Kc6 34. Kc4 Nb5 35. g4 e5 36. f5 h6 37. Kb3 Kb7 38. Kc4 Kc6 39. Kb3
Kc7 40. Kc4 Na3+ 41. Kb3 Nb1 42. Kc2 Na3+ 43. Kb3 Nb5 44. Kc4 Kc6 45. h3 Nd4
46. h4 Nb5 47. Kb3 Nd4+ 48. Kc4 Ne2 49. b5+ Kc7 50. Kd3 Nf4+ 51. Kc4 Ne2 52.
Kd3 Ng3 53. Ke3 Nf1+ 54. Kf2 Nd2 55. Ke3 Nb3 56. c6 Nd4 0-1

[Event "African Championship 2013 Women"]
[Site "Hotel Sol Phebus - Tunis"]
[Date "2013.05.19"]
[Round "2.5"]
[White "Solomons, Anzel"]
[Black "Baktach, Nesrine"]
[Result "1-0"]
[WhiteElo "1931"]
[BlackElo "1684"]
[PlyCount "55"]
[EventDate "2013.05.18"]
[EventRounds "9"]
[EventCountry "TUN"]

1. d4 d5 2. c4 e6 3. Nc3 Nf6 4. Bg5 Be7 5. e3 O-O 6. Nf3 c6 7. Bd3 Nbd7 8. O-O
h6 9. Bh4 Bd6 10. c5 Bc7 11. b4 e5 12. e4 exd4 13. Nxd4 Be5 14. Bc2 dxe4 15.
Nxe4 Nxc5 16. Nxf6+ gxf6 17. bxc5 Qxd4 18. Qxd4 Bxd4 19. Rad1 Be5 20. f4 Bb2
21. Rd3 Kh8 22. Rb1 Bf5 23. Rxb2 Bxd3 24. Bxf6+ Kg8 25. Bxd3 Rfe8 26. Rxb7 Re6
27. Be5 Ree8 28. Bc4 1-0

[Event "African Championship 2013 Women"]
[Site "Hotel Sol Phebus - Tunis"]
[Date "2013.05.19"]
[Round "2.6"]
[White "Abdi, Zineb Dina"]
[Black "Marzouk, Amira"]
[Result "1-0"]
[WhiteElo "1905"]
[BlackElo "1651"]
[PlyCount "43"]
[EventDate "2013.05.18"]
[EventRounds "9"]
[EventCountry "TUN"]

1. e4 c5 2. Nf3 d6 3. d4 cxd4 4. Nxd4 Nf6 5. Nc3 g6 6. Be3 Bg7 7. f3 O-O 8. Qd2
Nc6 9. Bc4 Bd7 10. Bb3 Rb8 11. O-O-O Na5 12. g4 b5 13. h4 h5 14. gxh5 Nxh5 15.
Rhg1 Nc4 16. Qe2 Nxe3 17. Qxe3 a5 18. Rxg6 a4 19. Rdg1 Qb6 20. Nd5 Qc5 21.
Rxg7+ Nxg7 22. Qh6 1-0

[Event "African Championship 2013 Women"]
[Site "Hotel Sol Phebus - Tunis"]
[Date "2013.05.19"]
[Round "2.7"]
[White "Lahmar, Chaima"]
[Black "Lopang, Tshepiso"]
[Result "0-1"]
[WhiteElo "1509"]
[BlackElo "1784"]
[PlyCount "102"]
[EventDate "2013.05.18"]
[EventRounds "9"]
[EventCountry "TUN"]

1. e4 e5 2. Nf3 Nc6 3. Bc4 Bc5 4. Nc3 Nf6 5. d3 O-O 6. Bg5 h6 7. Bh4 Be7 8.
Bxf6 Bxf6 9. Nd5 d6 10. h3 a6 11. Bb3 Na5 12. O-O Nxb3 13. axb3 c6 14. Nxf6+
Qxf6 15. Qd2 Bxh3 16. gxh3 Qxf3 17. Qb4 Rae8 18. Kh2 Qf4+ 19. Kg2 Re6 20. Rg1
Rf6 21. Qe1 Qf3+ 22. Kh2 Qxf2+ 23. Rg2 Qxe1 24. Rxe1 Re8 25. Reg1 g6 26. h4 Rf4
27. Kh3 Re6 28. Rg4 Ref6 29. Rxf4 Rxf4 30. Rg2 h5 31. b4 Kh7 32. Re2 f6 33. Rg2
Kh6 34. b3 g5 35. hxg5+ fxg5 36. Re2 Rf3+ 37. Kg2 g4 38. Kg1 h4 39. Kh1 g3 40.
Kg2 Rf4 41. Rd2 Kg5 42. Kh3 Rf1 43. Kg2 Re1 44. Kf3 Rf1+ 45. Kg2 Rf4 46. Kh3
Rf3 47. Rg2 Rf1 48. Re2 Rh1+ 49. Kg2 Rh2+ 50. Kf1 Rxe2 51. Kxe2 Kf4 0-1

[Event "African Championship 2013 Women"]
[Site "Hotel Sol Phebus - Tunis"]
[Date "2013.05.19"]
[Round "2.8"]
[White "Abdelmenaem, Sohayla"]
[Black "Matoussi, Amani"]
[Result "0-1"]
[WhiteElo "1766"]
[BlackElo "1625"]
[PlyCount "116"]
[EventDate "2013.05.18"]
[EventRounds "9"]
[EventCountry "TUN"]

1. d4 d5 2. c4 e6 3. Nc3 Nf6 4. Bg5 c6 5. cxd5 exd5 6. Qc2 Be7 7. e3 O-O 8. Bd3
Nbd7 9. Nge2 Re8 10. O-O Ne4 11. Bxe7 Qxe7 12. Rae1 Ndf6 13. f3 Nxc3 14. Nxc3
Qb4 15. a3 Qb6 16. Qf2 Be6 17. b4 a6 18. Na4 Qc7 19. e4 Qf4 20. e5 Nd7 21. Nc3
f6 22. Ne2 Qd2 23. Rd1 Qh6 24. f4 fxe5 25. dxe5 Rf8 26. Nd4 Nxe5 27. Qe3 Nxd3
28. Qxe6+ Qxe6 29. Nxe6 Nb2 30. Rb1 Rf6 31. Nc7 Rc8 32. Nxd5 cxd5 33. Rxb2 Rc4
34. Rd2 d4 35. Rd3 Kf7 36. g3 Re6 37. Rfd1 Re4 38. Kf2 Ke6 39. Kf3 Kd5 40. g4
Rc2 41. h4 g6 42. Kg3 Rce2 43. Rf3 R2e3 44. Rd3 Kc4 45. Rd2 Rxf3+ 46. Kxf3 Re3+
47. Kf2 Kc3 48. Rd1 Kc4 49. Rc1+ Rc3 50. Ra1 Rc2+ 51. Kf3 d3 52. Ke3 Kc3 53.
Rd1 Re2+ 54. Kf3 Kc2 55. Rg1 Rh2 56. Kg3 Rd2 57. Kf3 Rd1 58. Rg2+ d2 0-1

[Event "African Championship 2013 Women"]
[Site "Hotel Sol Phebus - Tunis"]
[Date "2013.05.20"]
[Round "3.1"]
[White "Moaataz, Ayah"]
[Black "Mezioud, Amina"]
[Result "1-0"]
[WhiteElo "1923"]
[BlackElo "2029"]
[PlyCount "66"]
[EventDate "2013.05.18"]
[EventRounds "9"]
[EventCountry "TUN"]

1. c4 e5 2. Nc3 Nf6 3. g3 Nc6 4. Bg2 g6 5. Nf3 Bg7 6. d3 O-O 7. O-O d6 8. Rb1
Bg4 9. b4 Qd7 10. b5 Nd8 11. a4 Bh3 12. a5 Bxg2 13. Kxg2 Ne6 14. e4 Ng4 15. h3
Nh6 16. Nd5 f5 17. Ng5 Nd4 18. Be3 Nf7 19. Nxf7 Rxf7 20. Bxd4 exd4 21. exf5
Rxf5 22. a6 b6 23. Qg4 Qf7 24. Rbe1 Re5 25. f4 Rxd5 26. cxd5 Qxd5+ 27. Qf3
Qxf3+ 28. Kxf3 Kf7 29. Rc1 Rc8 30. Rfe1 Bf6 31. Rc6 h6 32. Rec1 Ke6 33. Rxc7
Re8 1-0

[Event "African Championship 2013 Women"]
[Site "Hotel Sol Phebus - Tunis"]
[Date "2013.05.20"]
[Round "3.2"]
[White "Mudongo, Boikhutso"]
[Black "Elansary, Eman"]
[Result "0-1"]
[WhiteElo "1875"]
[BlackElo "1859"]
[PlyCount "91"]
[EventDate "2013.05.18"]
[EventRounds "9"]
[EventCountry "TUN"]

1. Nf3 d5 2. g3 Nf6 3. Bg2 c5 4. d3 Nc6 5. O-O e5 6. e4 d4 7. Nbd2 Bd6 8. h3
O-O 9. a4 a6 10. Nc4 Rb8 11. a5 Bc7 12. Bd2 Be6 13. b3 Ne8 14. Qe1 f6 15. Nh4
Nd6 16. Nxd6 Bxd6 17. Nf5 Nb4 18. Qd1 Kh8 19. Nxd6 Qxd6 20. f4 Bd7 21. f5 b5
22. axb6 Qxb6 23. h4 a5 24. h5 h6 25. Qc1 Kh7 26. Bf3 a4 27. Qb2 axb3 28. Qxb3
Ra8 29. Rfb1 Rxa1 30. Rxa1 Rb8 31. Be2 Be8 32. Kg2 Qb7 33. Ra5 Bf7 34. Qa4 Be8
35. Qb3 Qc7 36. Ra1 Rb6 37. Bd1 Bf7 38. Qa3 Ra6 39. Qc1 Na2 40. Qb2 Qa7 41. c3
Rb6 42. Qc2 Qa3 43. c4 Rb2 44. Qa4 Rxd2+ 45. Kh3 Qxa4 46. Bxa4 0-1

[Event "African Championship 2013 Women"]
[Site "Hotel Sol Phebus - Tunis"]
[Date "2013.05.20"]
[Round "3.3"]
[White "Wafa, Shrook"]
[Black "Solomons, Anzel"]
[Result "1-0"]
[WhiteElo "1965"]
[BlackElo "1931"]
[PlyCount "107"]
[EventDate "2013.05.18"]
[EventRounds "9"]
[EventCountry "TUN"]

1. e4 e5 2. Nf3 Nc6 3. Bc4 Bc5 4. c3 Qe7 5. O-O Nf6 6. d3 d6 7. Bb3 O-O 8. Nbd2
Kh8 9. Re1 Ng4 10. Re2 f5 11. exf5 Bxf5 12. d4 Bb6 13. Nc4 Rad8 14. Nxb6 axb6
15. Bg5 Nf6 16. dxe5 dxe5 17. Qe1 Bd3 18. Re3 e4 19. Nd2 Rfe8 20. Kh1 Qe5 21.
Bxf6 gxf6 22. Nxe4 Bxe4 23. f3 f5 24. fxe4 Na5 25. h3 b5 26. Qe2 Rd6 27. Rf1
Rf6 28. Ref3 Nxb3 29. axb3 Kg7 30. Qf2 Qxe4 31. Qg3+ Rg6 32. Qxc7+ Re7 33. Qc5
Re5 34. Qf2 Rf6 35. Rf4 Qd5 36. Qd4 Qxd4 37. Rxd4 Kg6 38. Rf2 Kg5 39. Rd7 h5
40. Rxb7 f4 41. Rd7 Rff5 42. Rd1 Re3 43. Rfd2 f3 44. gxf3 Rfxf3 45. Rh2 b4 46.
h4+ Kf4 47. c4 Rxb3 48. c5 Rh3 49. Rdd2 Rhg3 50. c6 Rbe3 51. Rhf2+ Ke5 52. c7
Rh3+ 53. Kg1 Rhg3+ 54. Rg2 1-0

[Event "African Championship 2013 Women"]
[Site "Hotel Sol Phebus - Tunis"]
[Date "2013.05.20"]
[Round "3.4"]
[White "Matoussi, Amani"]
[Black "Abdi, Zineb Dina"]
[Result "0-1"]
[WhiteElo "1625"]
[BlackElo "1905"]
[PlyCount "46"]
[EventDate "2013.05.18"]
[EventRounds "9"]
[EventCountry "TUN"]

1. e4 e5 2. Nf3 d6 3. d4 Nd7 4. dxe5 dxe5 5. Bc4 c6 6. O-O Be7 7. c3 Ngf6 8.
Ng5 O-O 9. Qb3 Qe8 10. f4 h6 11. Nxf7 Rxf7 12. Bxf7+ Qxf7 13. Qxf7+ Kxf7 14.
fxe5 Nxe5 15. Bf4 Ke6 16. Nd2 Bc5+ 17. Kh1 Ng6 18. g3 Ke7 19. Kg2 Be6 20. e5
Nd5 21. Kf3 Rf8 22. Ke4 Bf5+ 23. Kf3 Bd3 0-1

[Event "African Championship 2013 Women"]
[Site "Hotel Sol Phebus - Tunis"]
[Date "2013.05.20"]
[Round "3.5"]
[White "Tlale, Tshepang"]
[Black "Nouali, Djouher"]
[Result "1-0"]
[WhiteElo "1790"]
[BlackElo "1727"]
[PlyCount "119"]
[EventDate "2013.05.18"]
[EventRounds "9"]
[EventCountry "TUN"]

1. e4 d6 2. d4 Nf6 3. Nc3 c6 4. f4 Qa5 5. Bd3 e5 6. d5 cxd5 7. exd5 Nbd7 8. Qf3
a6 9. Bd2 Qc7 10. h3 b5 11. a3 Bb7 12. Be3 Be7 13. Nge2 e4 14. Bxe4 Nxe4 15.
Qxe4 Nf6 16. Qd3 Qc4 17. Rd1 Rc8 18. O-O Qxd3 19. Rxd3 O-O 20. Ng3 Nd7 21. Nf5
Rfe8 22. Nxe7+ Rxe7 23. Bf2 Nf6 24. Bh4 Rce8 25. Rff3 Bc8 26. g4 h5 27. Bxf6
gxf6 28. gxh5 Re1+ 29. Rf1 Bf5 30. Rg3+ Kh7 31. Kf2 Rxf1+ 32. Kxf1 Bxc2 33. Kf2
Kh6 34. Re3 Rxe3 35. Kxe3 Kxh5 36. Ne2 Kh4 37. Nd4 Bb1 38. Nc6 Bf5 39. Nd8 Bxh3
40. Nxf7 Bg2 41. Kd4 Kg4 42. Nxd6 Kxf4 43. Ne8 Kf5 44. d6 Ke6 45. Kc5 Bh3 46.
Kc6 Kf7 47. d7 Ke7 48. Nxf6 Kd8 49. Kb6 Bf1 50. b4 Bc4 51. Kxa6 Kc7 52. Ne4
Kxd7 53. Kb6 Bf1 54. Nc3 Kc8 55. Nxb5 Kb8 56. Nd6 Ka8 57. a4 Bg2 58. a5 Kb8 59.
Ne8 Ka8 60. Nc7+ 1-0

[Event "African Championship 2013 Women"]
[Site "Hotel Sol Phebus - Tunis"]
[Date "2013.05.20"]
[Round "3.6"]
[White "Lopang, Tshepiso"]
[Black "Meddeb, Chadha"]
[Result "1-0"]
[WhiteElo "1784"]
[BlackElo "1677"]
[PlyCount "61"]
[EventDate "2013.05.18"]
[EventRounds "9"]
[EventCountry "TUN"]

1. Nf3 d5 2. d4 e6 3. Bf4 Nd7 4. e3 Ngf6 5. c4 c6 6. cxd5 exd5 7. Bd3 Ne4 8.
O-O f5 9. Nbd2 Be7 10. h3 O-O 11. Ne5 Ndf6 12. Ndf3 Qe8 13. Be2 Nh5 14. Bh2 Kh8
15. a3 Rg8 16. Ne1 Nhf6 17. N1d3 g5 18. f3 Nd6 19. Kh1 Qh5 20. Rc1 Rg7 21. Rc2
Qh6 22. Qe1 g4 23. Bf4 Qh5 24. fxg4 fxg4 25. Bh2 Nde4 26. h4 Nd7 27. Nf4 Qxh4
28. Qxh4 Bxh4 29. Nh5 Re7 30. Bxg4 Nxe5 31. Rf8# 1-0

[Event "African Championship 2013 Women"]
[Site "Hotel Sol Phebus - Tunis"]
[Date "2013.05.20"]
[Round "3.7"]
[White "Marzouk, Amira"]
[Black "Abdelmenaem, Sohayla"]
[Result "1/2-1/2"]
[WhiteElo "1651"]
[BlackElo "1766"]
[PlyCount "43"]
[EventDate "2013.05.18"]
[EventRounds "9"]
[EventCountry "TUN"]

1. e4 c5 2. d4 cxd4 3. c3 dxc3 4. Nxc3 Nc6 5. Nf3 g6 6. Bc4 Bg7 7. O-O Nf6 8.
Qe2 O-O 9. e5 Ng4 10. e6 Nge5 11. Nxe5 Nxe5 12. exf7+ Kh8 13. Bb3 Nxf7 14. Rd1
a6 15. Be3 e5 16. Rac1 d6 17. Nd5 Be6 18. Bb6 Qh4 19. Rc4 Qg5 20. Be3 Qd8 21.
Bb6 Qg5 22. Be3 1/2-1/2

[Event "African Championship 2013 Women"]
[Site "Hotel Sol Phebus - Tunis"]
[Date "2013.05.20"]
[Round "3.8"]
[White "Baktach, Nesrine"]
[Black "Lahmar, Chaima"]
[Result "1/2-1/2"]
[WhiteElo "1684"]
[BlackElo "1509"]
[PlyCount "62"]
[EventDate "2013.05.18"]
[EventRounds "9"]
[EventCountry "TUN"]

1. e4 d5 2. exd5 Nf6 3. d4 Nxd5 4. c4 Nb6 5. Nf3 Bg4 6. Be2 e6 7. O-O Be7 8.
Nc3 O-O 9. Be3 N8d7 10. b3 c5 11. dxc5 Bxc5 12. Bxc5 Nxc5 13. Qxd8 Raxd8 14.
Rad1 a6 15. h3 Bf5 16. Nd4 Bg6 17. Nf3 Ne4 18. Nxe4 Bxe4 19. Rfe1 h6 20. Rd2
Bxf3 21. Rxd8 Rxd8 22. Bxf3 Rd7 23. Rd1 Rxd1+ 24. Bxd1 Nd7 25. Bf3 b6 26. Kf1
Ne5 27. Ke2 Nxf3 28. Kxf3 Kf8 29. Ke4 Ke7 30. b4 Kd6 31. f4 f6 1/2-1/2

[Event "African Championship 2013 Women"]
[Site "Hotel Sol Phebus - Tunis"]
[Date "2013.05.21"]
[Round "4.1"]
[White "Elansary, Eman"]
[Black "Moaataz, Ayah"]
[Result "0-1"]
[WhiteElo "1859"]
[BlackElo "1923"]
[PlyCount "86"]
[EventDate "2013.05.18"]
[EventRounds "9"]
[EventCountry "TUN"]

1. d4 f5 2. Nf3 Nf6 3. Bg5 e6 4. Nbd2 Be7 5. Bxf6 Bxf6 6. e4 fxe4 7. Nxe4 d5 8.
Ng3 c5 9. Bb5+ Nc6 10. c3 cxd4 11. Nxd4 Qb6 12. O-O O-O 13. Bxc6 bxc6 14. Nb3
Ba6 15. Re1 e5 16. Re3 Bg5 17. Rxe5 Qxf2+ 18. Kh1 Bf4 19. Rf5 Rxf5 20. Nxf5 Re8
21. Nbd4 g6 22. Ng3 Bxg3 23. hxg3 Qxg3 24. Nxc6 Bd3 25. Nd4 Re4 26. Nf3 Re2 27.
Ne1 Qf2 28. Qxd3 Qf1+ 29. Kh2 Rxg2+ 30. Nxg2 Qxd3 31. Re1 Kf7 32. Re3 Qb1 33.
b4 Qxa2 34. Kg3 g5 35. Rf3+ Kg6 36. Ne3 h5 37. Rf2 Qb3 38. Kg2 d4 39. Nf5 Qd5+
40. Rf3 Qxf5 41. Rxf5 Kxf5 42. c4 Ke4 43. c5 Kd5 0-1